000 00830nas a2200277 4500
001 BR2013000321
003 BR-BrBNA
005 20231205121756.0
007 ta
008 230509b bl.|||p| |||| 00| 00por d
040 _aBR-BrBNA
_bpor
_cBiblioteca Nacional de Agricultura
041 _a(Pt)
072 _aH60
100 1 _aSouza, G.S.F.
100 1 _aMartins, D.
100 1 _aPereira, M.R.R.
245 1 _aEfeito da chuva na eficiência de herbicidas aplicadas em pós-emergência sobre corda-de-viola
650 _aCORDA DE VIOLA
650 _aCHUVA
650 _aHERBICIDA
650 _aERVA DANINHA
650 _aPÓS-EMERGÊNCIA
773 0 _tPlanta Daninha (Brazil)
_xISSN 0100-8358
_g(Jan-Mar 2013), v. 31(1) p. 175-184
_wBR2013000321
909 _a202311
_bLúcia
_c55
_dLúcia Elande
942 _2AGRIS
_n0
_cANA
999 _c225187
_d225187